Stare loga klubów piłkarskich - quiz - Statystyki

Ogólne statystyki
  • Ten quiz został rozwiązany 47 razy
  • Średni wynik to 14 z 20
Statystyki odpowiedzi
Obrazkowy Odpowiedź % Poprawnych
Sevilla FC
95%
Villarreal CF
93%
Wisła Kraków
93%
Lech Poznań
91%
Śląsk Wrocław
91%
AC Milan
89%
Juventus FC
89%
Manchester United
86%
Valencia CF
84%
AS Roma
80%
Chelsea FC
80%
Legia Warszawa
80%
Tottenham Hotspur
80%
West Ham United FC
70%
Leicester City FC
66%
Real Betis
64%
Lazio
41%
UC Sampdoria
27%
Piast Gliwice
14%
Atletico Madryt
11%
Nie znaleziono quizów pasujących do podanych kryteriów
Rozkład punktacji
Procent ludzi z każdym wynikiem
Percentyl według liczby udzielonych odpowiedzi
Twoja historia wyników
Nie rozwiązałeś tego quizu